Seorang raja dan seekor gagak

Bibliographic Details
Main Author: Jaffri Haji Md.Yatim
Format: Book
Published: Kuala lumpur : Penerbitan kintan , 1993
Series:Siri teladan
Subjects:

MARC

LEADER 00000cam a2200000 7i4500
001 0000075783
005 20171010.0
008 171010
020 |a 9838190314 
090 0 0 |a REG   |b MAL 
100 1 |a Jaffri Haji Md.Yatim 
245 1 0 |a Seorang raja dan seekor gagak   |c Jaffri Haji Md.Yatim 
260 |a Kuala lumpur :   |b Penerbitan kintan ,   |c 1993 
490 1 |a Siri teladan 
650 0 |a Children's stories,malay 
650 0 |a Islamic stories,malay 
999 |a 0000720469   |b Book   |c Children Collection   |e Cawangan Pontian